| 000 | 00996cam a22003254a 4500 | ||
|---|---|---|---|
| 001 | 5699 | ||
| 003 | FISKH | ||
| 005 | 20250828153712.0 | ||
| 008 | 060424s2007 flua j b 001 0 eng | ||
| 010 | _a 2006013442 | ||
| 020 | _a1600441750 | ||
| 020 | _a9781595155382 | ||
| 040 |
_aDLC _cDLC _dDLC _beng |
||
| 050 | _aQL49.J36 | ||
| 082 | _a591.56 | ||
| 100 | 1 |
_aJames, Ray, _d1942- |
|
| 245 | 1 | 0 |
_aAnimal cycle / _cRay James. |
| 260 |
_aVero Beach : _bRourke Publishing, _c2007. |
||
| 300 |
_a24 pages : _bcolor illustrations ; _c21 cm |
||
| 490 | 0 | _aNature's cycle | |
| 504 | _aIncludes bibliographical references (p. 24) and index. | ||
| 505 | _aK | ||
| 520 | _aDescribes The Life Cycle Of An Animal From Birth To Reproduction And Finally The End Of Life. | ||
| 521 | 8 |
_a510
_bLexile |
|
| 521 | 8 |
_aK
_bRaz-Plus |
|
| 650 | 0 |
_aAnimal life cycles _vJuvenile literature. |
|
| 906 |
_a7 _bcbc _corignew _d1 _eecip _f20 _gy-gencatlg |
||
| 942 |
_2ddc _cBK _n0 |
||
| 999 |
_c5699 _d5699 |
||